000 00402nam a2200169Ia 4500
008 141014s9999||||xx |||||||||||||| ||und||
010 _a7732
020 _a84-261-5821-8
082 _a923 T.982e
100 _aTyler, Royall
245 _aEl emperador Carlos V
250 _aS/E
260 _aJuventud S.A Barcelona, España
_c1959
300 _a267
_c17 cm
650 _aBiografía
942 _cBK
999 _c7882
_d7882